| 000 | 00709nam a2200301Ia 4500 | ||
|---|---|---|---|
| 008 | 210210b2009 xxu||||| |||| 00| 0 eng d | ||
| 020 | _a9788184890792 | ||
| 041 | _aeng | ||
| 082 | _a515.354 MYIL | ||
| 100 | _aMYINT-U (Tyn) | ||
| 245 | _aLinear partial differential equations for scientists and engineers Ed 4 | ||
| 250 | _a | ||
| 260 |
_aBoston _b- _c2009 |
||
| 300 | _axxii,778 | ||
| 650 | _ascientists | ||
| 650 | _apartial | ||
| 650 | _aLinear | ||
| 650 | _afor | ||
| 650 | _aequations | ||
| 650 | _aengineers | ||
| 650 | _aEd | ||
| 650 | _adifferential | ||
| 650 | _aand | ||
| 650 | _a4 | ||
| 690 | _aDifferential Equations | ||
| 700 | _aDEBNATH (Lokenath) | ||
| 906 | _a064174 | ||
| 999 |
_c140404 _d140404 |
||